| 000 | 01742nam a2200505 i 4500 | ||
|---|---|---|---|
| 001 | 36002 | ||
| 003 | KOSZ 005 | ||
| 005 | 20200724103053.0 | ||
| 008 | 970625s1994 pl a f |000 0 pol | ||
| 015 | _aUWD 1994/7297 | ||
| 020 | _a8302037273 | ||
| 020 | _a8302053880 | ||
| 035 | _a991000324599705066 | ||
| 035 | _a(PL-WaBN)b10129947-48omnis_nlop | ||
| 035 | _ab10129947 | ||
| 035 | _a(OCoLC)749834628 | ||
| 035 | _a(PL)b0000001012994 | ||
| 035 | _a(EXLNZ-48OMNIS_NETWORK)9910004913405606 | ||
| 040 |
_aWA N _cWA N _dKOSZ 005/HR |
||
| 080 | _a637.1 | ||
| 080 | _a(075.3) | ||
| 100 | 1 |
_aObrusiewicz, Tadeusz _d(1924-2008) _eAutor |
|
| 245 | 1 | 0 |
_aMleczarstwo : _bpodręcznik dla zasadniczej szkoły zawodowej. _nCz. 1 / _cTadeusz Obrusiewicz. |
| 250 | _aWyd. 4 zm. | ||
| 260 |
_aWarszawa : _bWydawnictwa Szkolne i Pedagogiczne, _c1994. |
||
| 300 |
_a316, [1] s. : _brys., wykr. ; _c21 cm. |
||
| 336 |
_aTekst _btxt _2rdacontent |
||
| 337 |
_aBez urządzenia pośredniczącego _bn _2rdamedia |
||
| 338 |
_aWolumin _bnc _2rdacarrier |
||
| 380 | _aKsiążki | ||
| 380 | _aPublikacje dydaktyczne | ||
| 385 |
_mPoziom nauczania _aSzkoły zawodowe |
||
| 388 | _a1901-2000 | ||
| 388 | _a1989-2000 | ||
| 504 | _aBibliogr. s. 317. | ||
| 521 | _aDla kl. I i II zsz, zawód - aparatowy przetwórstwa mleczarskiego. | ||
| 650 | 7 |
_aMleczarstwo _2DBN |
|
| 655 | 7 |
_aPodręczniki dla szkół zawodowych _2DBN |
|
| 658 | _aRolnictwo i leśnictwo | ||
| 658 | _aEdukacja i pedagogika | ||
| 710 | 2 |
_aWydawnictwa Szkolne i Pedagogiczne _4pbl |
|
| 856 |
_uhttp://koha.tu.koszalin.pl/cgi-bin/koha/opac-detail.pl?biblionumber=36002 _yKatalog online BPK |
||
| 942 |
_2UKD _cKS |
||
| 999 |
_c36002 _d36002 |
||